| 000 | 00562nam a2200193Ia 4500 | ||
|---|---|---|---|
| 005 | 20250508163345.0 | ||
| 008 | 008 250505s9999 xx 000 0 eng d | ||
| 037 | _aTextual | ||
| 040 |
_aFEDL _beng _cFEDL |
||
| 041 |
_aeng _2eng |
||
| 084 |
_a350, DIM _qFEDL |
||
| 100 | _aDimock Marshall Edward | ||
| 245 | 0 | _aPublic adinisistration | |
| 260 |
_aNew York, USA _bHolt, Rinehart and Winston _c1958 |
||
| 300 | _axviii,573p | ||
| 700 |
_a Dimock Gladys Ogden Koenig Louis W. _9775191 |
||
| 942 |
_cTEXL _h350, DIM |
||
| 999 |
_c1382531 _d1382531 |
||